| 000 | 00813nas a2200277 4500 | ||
|---|---|---|---|
| 001 | BR9205617 | ||
| 003 | BR-BrBNA | ||
| 005 | 20231205092853.0 | ||
| 007 | ta | ||
| 008 | 230509b bl.|||p| |||| 00| 00por d | ||
| 040 |
_aBR-BrBNA _bpor _cBiblioteca Nacional de Agricultura |
||
| 041 | _a(Pt) | ||
| 072 | _aF30 | ||
| 100 | 1 | _aSonnenberg, P.E. | |
| 100 | 1 | _aMonteiro, M.S.R. | |
| 100 | 1 | _aMartins, J.C. | |
| 245 | 1 | _aComportamento da tropical - novo cultivar de cenoura (Daucus carota L.)- no final da estacao chuvosa, em Goiania | |
| 650 | _aCENOURA | ||
| 650 | _aVARIEDADE | ||
| 650 | _aPLANTIO | ||
| 650 | _aESPACAMENTO | ||
| 650 | _aGOIAS | ||
| 773 | 0 |
_tRevista de Olericultura (Brazil) _x _g(1975), (no. 15) p. 1-4 _wBR9205617 |
|
| 909 |
_a202311 _bLúcia _c55 _dLúcia Elande |
||
| 942 |
_2AGRIS _n0 _cANA |
||
| 999 |
_c134774 _d134774 |
||